|
|
|
|
| LEADER |
00000cam a2200000 c 4500 |
| 001 |
272302694 |
| 003 |
DE-627 |
| 005 |
20251222212221.0 |
| 007 |
tu |
| 008 |
861125s1986 xx ||||| 00| ||ger c |
| 020 |
|
|
|a 3879662479
|9 3-87966-247-9
|
| 035 |
|
|
|a (DE-627)272302694
|
| 035 |
|
|
|a (DE-576)012339997
|
| 035 |
|
|
|a (DE-599)GBV272302694
|
| 035 |
|
|
|a (OCoLC)231874191
|
| 035 |
|
|
|a (OCoLC)310765553
|
| 035 |
|
|
|a (OCoLC)231874191
|
| 035 |
|
|
|a (DE-604)8091752337
|
| 035 |
|
|
|a (AT-OBV)AC02151928
|
| 040 |
|
|
|a DE-627
|b ger
|c DE-627
|e rakwb
|
| 041 |
|
|
|a ger
|
| 082 |
0 |
|
|a 371.46
|
| 084 |
|
|
|a DG 8500
|2 rvk
|0 (DE-625)rvk/19562:
|
| 084 |
|
|
|a DS 7140
|2 rvk
|0 (DE-625)rvk/19959:
|
| 084 |
|
|
|a DS 7180
|2 rvk
|0 (DE-625)rvk/19962:
|
| 245 |
0 |
0 |
|a Schule in der Stadt
|c Bearb.: Projektgruppe Schulsozialarbeit
|
| 264 |
|
1 |
|a Weinheim [u.a.]
|b Juventa-Verl.
|c 1986
|
| 300 |
|
|
|a 363 S.
|b graph. Darst.
|c 21 cm
|
| 336 |
|
|
|a Text
|b txt
|2 rdacontent
|
| 337 |
|
|
|a ohne Hilfsmittel zu benutzen
|b n
|2 rdamedia
|
| 338 |
|
|
|a Band
|b nc
|2 rdacarrier
|
| 490 |
1 |
|
|a DJI Materialien
|a Reihe Materialien zur Schulsozialarbeit
|v 15
|
| 583 |
1 |
|
|a Archivierung/Langzeitarchivierung gewährleistet
|f PEBW
|x XA-DE-BW
|2 pdager
|5 DE-31
|
| 583 |
1 |
|
|a Archivierung prüfen
|c 20240324
|f DE-4165
|z 1
|2 pdager
|
| 650 |
|
4 |
|a Schule
|
| 650 |
|
4 |
|a Schulpsychologie
|
| 650 |
|
4 |
|a Jugendsozialarbeit
|
| 655 |
|
7 |
|a Konferenzschrift
|y 1984
|z Nürnberg
|0 (DE-588)1071861417
|0 (DE-627)826484824
|0 (DE-576)433375485
|2 gnd-content
|
| 689 |
0 |
0 |
|d g
|0 (DE-588)4011889-7
|0 (DE-627)104732423
|0 (DE-576)208896201
|a Deutschland
|g Bundesrepublik
|2 gnd
|
| 689 |
0 |
1 |
|d s
|0 (DE-588)4136324-3
|0 (DE-627)105658375
|0 (DE-576)209668210
|a Schulsozialarbeit
|2 gnd
|
| 689 |
0 |
2 |
|d s
|0 (DE-588)4056723-0
|0 (DE-627)106153919
|0 (DE-576)209118741
|a Stadt
|2 gnd
|
| 689 |
0 |
|
|5 (DE-627)
|
| 710 |
2 |
|
|a Deutsches Jugendinstitut
|b Projektgruppe Schulsozialarbeit
|0 (DE-588)2092429-X
|0 (DE-627)100488730
|0 (DE-576)192757059
|4 oth
|
| 710 |
2 |
|
|a Deutsches Jugendinstitut
|0 (DE-588)1005538-1
|0 (DE-627)103060642
|0 (DE-576)191162442
|4 oth
|
| 830 |
|
0 |
|a Reihe Materialien zur Schulsozialarbeit
|v 15
|9 15
|w (DE-627)166631698
|w (DE-576)009072594
|w (DE-600)236079-2
|7 am
|
| 856 |
4 |
2 |
|u https://digitale-objekte.hbz-nrw.de/storage2/2019/02/17/file_5/8261301.pdf
|m V:DE-605
|q application/pdf
|3 Inhaltsverzeichnis
|7 1
|
| 889 |
|
|
|w (DE-576)442242042
|
| 935 |
|
|
|a BWLB
|
| 935 |
|
|
|i Blocktest
|
| 936 |
r |
v |
|a DG 8500
|b Sozialpädagogik (Sozialarbeit, Sozialhilfe), Sozialerziehung (Gruppenpädagogik, Jugendarbeit)
|k Pädagogik
|k Spezialfragen der Erziehung
|k Sozialpädagogik (Sozialarbeit, Sozialhilfe), Sozialerziehung (Gruppenpädagogik, Jugendarbeit)
|0 (DE-627)1270769510
|0 (DE-625)rvk/19562:
|0 (DE-576)200769510
|
| 936 |
r |
v |
|a DS 7140
|b Prävention in der Jugendhilfe (Jugendarbeit, Jugendpflege, Freizeitbetreuung, -beratung)
|k Pädagogik
|k Sozialpädagogik, Sozialarbeit
|k Berufsfelder
|k Jugendhilfe
|k Prävention in der Jugendhilfe (Jugendarbeit, Jugendpflege, Freizeitbetreuung, -beratung)
|0 (DE-627)1270705717
|0 (DE-625)rvk/19959:
|0 (DE-576)200705717
|
| 936 |
r |
v |
|a DS 7180
|b Schulsozialarbeit
|k Pädagogik
|k Sozialpädagogik, Sozialarbeit
|k Berufsfelder
|k Jugendhilfe
|k Schulsozialarbeit
|0 (DE-627)1270885715
|0 (DE-625)rvk/19962:
|0 (DE-576)200885715
|
| 951 |
|
|
|a BO
|
| ELC |
|
|
|b 1
|
| LOK |
|
|
|0 000 xxxxxcx a22 zn 4500
|
| LOK |
|
|
|0 001 3248115742
|
| LOK |
|
|
|0 003 DE-627
|
| LOK |
|
|
|0 004 272302694
|
| LOK |
|
|
|0 005 20141121112715
|
| LOK |
|
|
|0 008 141121||||||||||||||||ger|||||||
|
| LOK |
|
|
|0 040
|a DE-21-110
|c DE-627
|d DE-21-110
|
| LOK |
|
|
|0 689
|a s
|a Schulsozialarbeit
|
| LOK |
|
|
|0 852
|z Kein Bestand am IfK; Nachweis für KrimDok
|
| LOK |
|
|
|0 852
|a DE-21-110
|
| LOK |
|
|
|0 852 1
|m v
|9 00
|
| LOK |
|
|
|0 935
|a k110
|
| LOK |
|
|
|0 938
|k v
|
| LOK |
|
|
|0 939
|a 21-11-14
|b l01
|
| ORI |
|
|
|a SA-MARC-krimdoka001.raw
|
| TIM |
|
|
|a 100019490523_100019901002
|b 1949-05-23 - 1990-10-02
|